000 00571nam a2200181 i 4500
001 79252
003 ES-MaACL
005 20230906173934.0
007 t|
008 041020s1971 sp ||||1| spa d
100 1 _aHenn, Walter.
_962547
245 1 0 _aTabiques
_b: problemas técnicos y ejemplos /
_cWalter Henn ; versión, Buenaventura Bassegoda.
260 _aBarcelona :
_bGustavo Gili,
_c[1971]
300 _a117 p. :
_bil. ;
_c29 cm.
650 4 _aTabiques.
_9168853
700 1 _aBassegoda Musté, B. (
_d1896-1987)
_926310
852 _aES-MaACL
_jC-41436
_bR.77722
999 _c79252
_d79252